Practical construction of warships (Record no. 69663)

000 -LEADER
fixed length control field 00645nam a2200241 4500
001 - CONTROL NUMBER
control field 2642649
003 - CONTROL NUMBER IDENTIFIER
control field NUST - PNEC
005 - DATE AND TIME OF LATEST TRANSACTION
control field 20170116181124.0
008 - FIXED-LENGTH DATA ELEMENTS--GENERAL INFORMATION
fixed length control field 720613s1970 nyua 001 0 eng
010 ## - LIBRARY OF CONGRESS CONTROL NUMBER
LC control number 75120553
020 ## - INTERNATIONAL STANDARD BOOK NUMBER
International Standard Book Number 0444196668
035 ## - SYSTEM CONTROL NUMBER
System control number (OCoLC)ocm00554243
040 ## - CATALOGING SOURCE
Original cataloging agency DLC
Transcribing agency LIBRARY
Modifying agency ZCU
050 0# - LIBRARY OF CONGRESS CALL NUMBER
Classification number V800
Item number .N4 1970b
082 ## - DEWEY DECIMAL CLASSIFICATION NUMBER
Classification number 623.825 NEW
100 1# - MAIN ENTRY--PERSONAL NAME
Personal name Newton, R. N.
245 10 - TITLE STATEMENT
Title Practical construction of warships
Statement of responsibility, etc. R. N. Newton.
260 ## - PUBLICATION, DISTRIBUTION, ETC.
Place of publication, distribution, etc. New York,
Name of publisher, distributor, etc. American Elsevier Pub. Co.,
Date of publication, distribution, etc. c.1970.
300 ## - PHYSICAL DESCRIPTION
Extent xii, 484 p.
Other physical details illus.
Dimensions 26 cm.
650 #0 - SUBJECT ADDED ENTRY--TOPICAL TERM
Topical term or geographic name entry element Warships.
General subdivision ME
942 ## - ADDED ENTRY ELEMENTS (KOHA)
Source of classification or shelving scheme
Koha item type Book
Holdings
Withdrawn status Lost status Source of classification or shelving scheme Damaged status Not for loan Permanent Location Current Location Shelving location Date acquired Total Checkouts Full call number Barcode Date last seen Price effective from Koha item type
          Pakistan Navy Engineering College (PNEC) Pakistan Navy Engineering College (PNEC)       623.825 NEW PNECLIB-000197 10/05/2015   Book
© 2023 Central Library, National University of Sciences and Technology. All Rights Reserved.